Ανάπτυξη πολυτροπικού λόγου πειθούς σε διαδικτυακά περιβάλλοντα : διερεύνηση δυνατοτήτων εκπαιδευτικής παρέμβασης για παραγωγή βίντεο ; διπλωματική εργασία [διδακτορική εργασία]
Αποθηκεύτηκε σε:
| Κύριος συγγραφέας: | |
|---|---|
| Συγγραφή απο Οργανισμό/Αρχή: | |
| Άλλοι συγγραφείς: | |
| Μορφή: | Thesis Βιβλίο |
| Γλώσσα: | Greek |
| Δημοσίευση: |
2022.
|
| Θέματα: | |
| Ετικέτες: |
Προσθήκη ετικέτας
Δεν υπάρχουν, Καταχωρήστε ετικέτα πρώτοι!
|
MARC
| LEADER | 00000cam a2200000 a 4500 | ||
|---|---|---|---|
| 001 | 1/124352 | ||
| 008 | 220209s2022####gr | ||| |||| ||gre|| | ||
| 040 | |a GR-MyUa |b gre |c GR-MyUa |e AACR2 | ||
| 041 | 0 | |a gre | |
| 082 | 7 | |a 371.33 |2 (23) | |
| 100 | 1 | |a Φραγκιαδουλάκη, Αικατερίνη Γ. | |
| 245 | 1 | 0 | |a Ανάπτυξη πολυτροπικού λόγου πειθούς σε διαδικτυακά περιβάλλοντα : |b διερεύνηση δυνατοτήτων εκπαιδευτικής παρέμβασης για παραγωγή βίντεο ; διπλωματική εργασία [διδακτορική εργασία] / |c Φραγκιαδουλάκη Αικατερίνη Γ ; επιβλέπουσα καθηγήτρια: Δημητρακοπούλου Αγγελική. |
| 260 | |c 2022. | ||
| 300 | |a 403 σ : |b πίν., εικ., σχήμ. ; |c 30 εκ. | ||
| 500 | |a Μέλη εξεταστικής επιτροπής: Δημητρακοπούλου Αγγελική, Παπαδοπούλου Μαρία, Φεσάκης Γεώργιος, Καφούση Σουλτάνα, Καλαβάσης Φραγκίσκος, Κοντάκος Αναστάσιος, Κίτσου Σταυρούλα. | ||
| 502 | |a Διπλωματική εργασία - Πανεπιστήμιο Αιγαίου, Ρόδος 2022. | ||
| 504 | |a Βιβλιογραφία: σ. 303-318. | ||
| 506 | 1 | |a Πλήρες κείμενο - Ενδοπανεπιστημιακή δημοσίευση - Κλειδωμένη η δυνατότητα αντιγραφής. | |
| 650 | 0 | |a Internet in education. | |
| 650 | 0 | |a Persuasion (Rhetoric) | |
| 650 | 0 | |a Video tape recorders. | |
| 650 | 0 | |a Digital video |x Editing |x Data processing. | |
| 650 | 0 | |a Educational technology. | |
| 650 | 0 | |a Education |x Data processing. | |
| 650 | 0 | |a Audio-visual education. | |
| 700 | 1 | |a Δημητρακοπούλου, Αγγελική, |e dgsf | |
| 710 | 2 | |a Πανεπιστήμιο Αιγαίου |b Σχολή Ανθρωπιστικών Επιστημών |b Τμήμα Επιστημών της Προσχολικής Αγωγής και του Εκπαιδευτικού Σχεδιασμού. | |
| 852 | |a INST |b RHODES |c DIATR |e 20220209 |h 371.33 ΦΡΑ |p 005400042579 |q 005400042579 |t PHD |y 23 | ||
| 924 | |a Φραγκιαδουλάκη |b Αικατερίνη Γ. |y Ρόδος |z 2022-01 | ||
| 970 | |a Καραγιάννης |b Φίλιππος |z 09/02/2022 | ||